Úmrtnosť rómskej populácie na Slovensku
Úmrtnostné pomery rómskej populácie v 70. rokoch. Úmrtnostné pomery Rómov v súčasnosti. Veľmi mladá veková štruktúra rómskych obcí a jej vplyv na úmrtnosť. Dojčenská a detská úmrtnosť rómskej populácie. Zdravotná situácia Rómov a úmrtia podľa príčin. Prístup Rómov k zdravotnej starostlivosti a ich z...
Salvato in:
| Autore principale: | |
|---|---|
| Natura: | Capitolo di libro |
| Lingua: | slovacco |
| Soggetti: | |
| Tags: |
Nessun Tag, puoi essere il primo ad aggiungerne!!
|
MARC
| LEADER | 00000naa$a2200000$$$4500 | ||
|---|---|---|---|
| 001 | 0089062 | ||
| 005 | 20220503134714.3 | ||
| 041 | 0 | |a slo | |
| 044 | |a CZ | ||
| 245 | 1 | 0 | |a Úmrtnosť rómskej populácie na Slovensku |c Branislav Šprocha |
| 520 | |a Úmrtnostné pomery rómskej populácie v 70. rokoch. Úmrtnostné pomery Rómov v súčasnosti. Veľmi mladá veková štruktúra rómskych obcí a jej vplyv na úmrtnosť. Dojčenská a detská úmrtnosť rómskej populácie. Zdravotná situácia Rómov a úmrtia podľa príčin. Prístup Rómov k zdravotnej starostlivosti a ich zdravotné správanie. Najvýznamnejšie príčiny smrti rómskej populácie. | ||
| 610 | 2 | 0 | |a demografia |
| 610 | 2 | 0 | |a populácia |
| 610 | 2 | 0 | |a národnosti |
| 610 | 2 | 0 | |a úmrtnosť |
| 610 | 2 | 0 | |a choroby duševné |
| 610 | 2 | 0 | |a zdravie |
| 610 | 2 | 0 | |a starostlivosť zdravotná |
| 610 | 2 | 0 | |a štatistika |
| 610 | 2 | 0 | |a Rómovia |
| 610 | 2 | 0 | |a Slovensko |
| 100 | 1 | |a Šprocha, Branislav | |